Постановление СНК СССР № 2214 "О временном прекращении приема посылок от отдельных граждан и учреждений"

RUSMARC
00003611cbm0a2200253#x 450
001157396c3-3155-47eb-bd15-5ff26927d7b7
00520220817114331.0
100##$a20220810j19411117k###0rusy50 ca
1010#$arus
102##$aRU
1220#$ad194111172##
2001#$aПостановление СНК СССР № 2214 "О временном прекращении приема посылок от отдельных граждан и учреждений"
$j17 ноября 1941 г.
251##$cДокумент
300##$aПодлинник
461#0$12001
$aФ. Р-5446
$1251
$cФонд
$1852
$jР-5446
462#0$12001
$aОп. 1
$1251
$cОпись
$1852
$j1
462#0$12001
$aД. 196
$vЛ. 119
$1251
$cДело
$1852
$j196
605##$2prlib_sh
$3LIBNET\UAF\0000088514
$aВторая мировая война в архивных документах (Комплекс оцифрованных архивных документов, кино- и фотоматериалов)
$lколлекция
686##$a63.3(2)622ю11
$vLBC/M
$2rubbk
801#0$aRU
$bПБ им. Б.Н. Ельцина
$c20220810
801#1$aRU
$bПБ им. Б.Н. Ельцина
$c20220810
$2rusmarc
801#2$aRU
$bПБ им. Б.Н. Ельцина
$c20220817
$2rusmarc
850##$aГосударственный архив Российской Федерации
852##$aГА РФ
$jЛ. 119
035##$aLIBNET\0001263496
937##$d178156375
$hФедеральное архивное агентство
8564#$uhttp://readingroom.main.prlib.ru/item.aspx?id_node=n178156375&mode=full
Формат отображения